| 000 | 00443nam a2200193Ia 4500 | ||
|---|---|---|---|
| 999 |
_c134 _d134 |
||
| 003 | 0100 | ||
| 008 | 130227s9999 xx 000 0 und d | ||
| 040 | _cARRUPELIB | ||
| 050 | _aDT779.7.H3 1964 | ||
| 100 |
_aHill, Christopher R. _939755 |
||
| 245 |
_aBantustans: _bthe fragmentation of South Africa / |
||
| 260 |
_aLondon _bOxford University Press _c1964 |
||
| 300 | _a114p | ||
| 300 | _b 18cm | ||
| 650 |
_aAfrica, South _xNative races _925898 |
||
| 650 |
_aAfrica, South _xPolitics _y1948- _925695 |
||
| 650 |
_aNegroes in South Africa _939756 |
||
| 942 |
_2lcc _cMONOGRAPH |
||